000 00449nam a2200169 i 4500
001 135522
003 ES-MaACL
005 20230906194910.0
007 t|
008 070719s1961 sp ||||1| cat d
080 _a849.9-311.2"19"
100 1 _aTorres, Estanislau.
_9110888
245 1 0 _aCel de tardor /
_cEstanislau Torres.
260 _aBarcelona :
_bAlberti,
_c[1961]
300 _a131 p. ;
_c14 cm.
852 _aES-MaACL
_jC-21078
_bR.49206
999 _c135522
_d135522